• 首页
  • 本馆介绍
  • 公告通知
  • 最新文献
  • 馆藏检索
  • 电子资源
  • 读者导购
  • 参考咨询
  • 我的图书馆
  • 登录
  • 详细信息显示
  • 放入我的书架
  • 预约/预借图书
  • 作者相关作品
  • 分类相关作品
  • 丛书相关作品
  • 出版社相关作品

书目信息

  • 表格格式
  • 工作单格式
  • 卡片格式
书名: Ball bearing lubrication
作者: Bernard J. Hamrock, Duncan Dowson
分册号:
分册名:
出版地: New York :
 
出版社: Wiley
出版时间: c1981.
页数: xxv, 386 p. :
开本: 24 cm.
丛书名:
中图分类号:
科图分类号:
其他分类号: TH133.33
主题词:
电子资源:
000 01047nam 2200325 a 4500
001 E0755211906
005 20070725152301.75
008 00110 eng
008 uu
010    @a81003006
020    @a047103553X.
049    @aN5LA
050 0  @aTJ1071 @b.H318
082 0  @a621.8/22 @219
090    @a2/TH133.33/H23//////*971934/-35/ 2cop.
090    @aTH133.33
096    @aTH133.33 @v2
099    @dTH133.33@ex7
100 10 @aHamrock, Bernard J.
245 10 @aBall bearing lubrication :@bthe elastohydrodynamics of elliptical contacts / @cBernard J. Hamrock, Duncan Dowson
260 0  @aNew York :@bWiley,@cc1981.
300    @axxv, 386 p. :@bill. ;@c24 cm.
500    @aIncludes indexes.
500    @a"A Wiley-Interscience publication."
504    @aBibliography: p. 362-371.
650  0 @aBall-bearings @xLubrication.
650  0 @aRolling contact.
650  0 @aHydrodynamics.
700 10 @aDowson, D. @b00 @c20020930 @lNLC09 @h2248 @lNLC09 @h2321 @lNLC09 @h1912
852 9  @bWWJC @cJ08S @k2 @hTH133.33 @iH23
    
    Ball bearing lubrication : : the elastohydrodynamics of elliptical contacts / / Bernard J. Hamrock, Duncan Dowson.-New York : : Wiley, , c1981.
    xxv, 386 p. : : ill. ; ; 24 cm.
    Includes indexes.-"A Wiley-Interscience publication." .-Bibliography: p. 362-371.
    
    ISBN 047103553X.
    
●
相关链接 在E读中查询图书 在五车中查询图书 在当当中查询图书 在豆瓣中查询图书


正题名:Ball bearing lubrication     索取号:TH133.33/x7         预约/预借

序号 登录号 条形码 馆藏地/架位号 状态 备注
1 0013694   300136948   第二样本阅览室/ [索取号:TH133.33/x7] 在馆    
2 0013795   300137956   密集书库/ [索取号:TH133.33/x7] 在馆    
唐山师范学院图书馆 欢迎您!
大连网信软件有限公司© 版权所有